000 02622caa0 2200541 iz4500
001 BY-BR0000-br20199219579
005 20230927140328.0
035 ^a(BY-BR0002)BY-BR0002-br380056
100 ^a02019019d2019 u y0rusy50 ca
101 0 ^abel
102 ^aBY
200 1 ^aНе забыцца пра карані
^fНаталля Часавіціна
330 ^aПра работу Навасёлкаўскага СДК па захаванні народнай творчасці.
463 1 ^12001
^aСельская газета
^v2019. — 8 августа. — С. 12.
606 ^aКАСЦЮМЫ
^3BY-NLB-ar88646
^2DVNLB
606 ^aАДЗЕННЕ
^3BY-NLB-ar21466
^2DVNLB
606 ^aНАРОДНОЕ ТВОРЧЕСТВО
^3BY-NLB-ar19628
^2DVNLB
606 ^aНАРОДНАЯ ТВОРЧАСЦЬ
^3BY-NLB-ar19629
^2DVNLB
606 ^aДОМА КУЛЬТУРЫ
^3BY-NLB-ar50311
^2DVNLB
606 ^aКУЛЬТУРНАЯ ДЕЯТЕЛЬНОСТЬ
^3BY-SEK-ar4416905
^2DVNLB
606 ^aКУЛЬТУРНАЯ ДЗЕЙНАСЦЬ
^3BY-SEK-ar4416909
^2DVNLB
606 ^aКУЛЬТУРНАЯ ЖИЗНЬ
^3BY-NLB-ar15462
^2DVNLB
606 ^aКУЛЬТУРНАЕ ЖЫЦЦЁ
^3BY-NLB-ar15463
^2DVNLB
606 ^aКУЛЬТУРА
^3BY-NLB-ar15440
^2DVNLB
606 ^aФАЛЬКЛОРНАЯ ТРАДЫЦЫЯ
^3BY-NLB-ar34375
^2DVNLB
607 ^aБрэсцкая вобласць
^3BY-NLB-ar4498
607 ^aБрестская область
^3BY-NLB-ar4497
607 ^aБарановичский район (Брестская область)
^3BY-NLB-ar2168498
607 ^aБаранавіцкі раён (Брэсцкая вобласць)
^3BY-NLB-ar3553
607 ^aКрошин, агрогородок (Барановичский район)
^3BY-NLB-ar44247
607 ^aКрошын, аграгарадок (Баранавіцкі раён)
^3BY-NLB-ar44248
610 0 ^aнародныя калетывы
610 0 ^aнародные коллективы
610 0 ^aСмаляначка
610 0 ^aСмоляночка
615 ^aБелорусский национальный документ
^n4
^3BY-SEK-ar13569883
686 ^aМ 641
^2rubbk
686 ^a77.2
^2rubbk
690 ^a641
^2LR12
^9BY-BR0000
^b19.08.2019
^3LKEY162
690 ^a7
^2Base
^9BY-BR0000
^xRSEK
700 1 ^aЧасавіціна
^bН.
^gНаталля
801 0 ^aBY
^bBY-BR0000
^gRCR
035 ^a(BY-BR0000)BY-BR0000-br20199219579
899 0 ^aBY-BR0000